000 00936cab a2200325 4500
001 ABS51931
008 090401t1994 xxu||||| |||| 00| 0 eng d
035 _a(Sirsi) u51451
041 _aeng
245 _aSpecial report: business parks
260 _c1994
350 _a0
490 _aProperty Week
_v49(10) 8 December 1994, 47-59(9)
520 _aExamines the effects on business parks of PPG13, aimed at limiting car use.
650 _aBRITISH COUNCIL FOR OFFICES
650 _aBUSINESS PARKS
650 _aKINGS HILL
650 _aMANCHESTER
650 _aOFFICE SPECIFICATION
650 _aOFFICES
650 _aOVERSPECIFICATION
650 _aPLANNING POLICY
650 _aPLANNING POLICY GUIDANCE NOTE 13
650 _aTHAMES VALLEY
650 _aTRANSPORT ISSUES
650 _aWEST MALLING
690 _aPROPERTY-COMMERCIAL PROPERTY-COMMERCIAL PROPERTY MARKET
942 _n0
948 _c04/03/1997
999 _c31951
_d31951